Flights from Ivalo, Finland (IVL) - Statistics

General Stats
  • This quiz has been taken 25 times
  • The average score is 4 of 9
Answer Stats
Airline Answer % Correct
Finnair Helsinki
100%
Austrian Vienna
75%
Lufthansa Frankfurt
70%
Transavia Paris
55%
Edelweiss Air Zürich
55%
TUI Fly Amsterdam
50%
Eurowings Düsseldorf
20%
TUI Fly Kittilä
15%
Finnair Kirkens
0%
No matching quizzes found
Score Distribution
Percent of People with Each Score
Percentile by Number Answered
Your Score History
You have not taken this quiz